Tecnirama enciclopedia de la ciencia y la tecnologia / (Record no. 11507)

000 -CABECERA
fixed length control field 01423nam a22003137a 4500
003 - IDENTIFICADOR DEL NÚMERO DE CONTROL
control field AR-CdUCM
008 - DATOS DE LONGITUD FIJA--INFORMACIÓN GENERAL
fixed length control field 190404b ||||| |||| 00| 0 spa d
040 ## - FUENTE DE LA CATALOGACIÓN
Agencia/entidad que catalogó originalmente la obra MUNICIPALIDAD PROVINCIAL DEL CUSCO
Entidad que transcribió la catalogación BIBLIOTECA MUNICIPAL DEL CUSCO
082 ## - NÚMERO DE LA CLASIFICACIÓN DECIMAL DEWEY
No. de Clasificación ES / 036 /
Notacion interna T31
100 ## - ENTRADA PRINCIPAL--NOMBRE DE PERSONA
Nombre Personal Bragg, Lawrence
110 ## - ENTRADA PRINCIPAL--NOMBRE DE ENTIDAD CORPORATIVA
Nombre de la institución, jurisdicción como entrada principal Editorial Codex
9 (RLIN) 28918
245 ## - MENCIÓN DE TÍTULO
Título Tecnirama enciclopedia de la ciencia y la tecnologia /
260 ## - PUBLICACIÓN, DISTRIBUCIÓN, ETC.
Lugar de publicación, distribución, etc. Mexico :
Nombre de la editorial, distribuidor, etc. Codex,
Fecha de publicación, distribución, etc. 1965.
300 ## - DESCRIPCIÓN FÍSICA
Nº de Páginas Extensión 10 volumenes ;
Dimensiones 30 cm.
440 ## - MENCIÓN DE SERIE/PUNTO DE ACCESO ADICIONAL--TÍTULO
Título Tecnirama
Número de la parte/sección de una obra 8
9 (RLIN) 28919
505 ## - NOTA DE CONTENIDO CON FORMATO
Nota de contenido formateada Contenido: Quimica atomica -- biologia -- magnetismo -- panoramas cientificos -- hidrostatica -- astronomia -- electricidad -- instrumental cientifico -- sabios ilustres -- taxonomia -- tecnologia -- tecnologia agricola -- optica -- cosmografia -- ciencias aplicada -- oceanografia -- quimica organica -- quimica inorganica -- fisica del calor -- fisica general -- fisiologia -- fisica nuclear -- mineraloga -- medicina -- nuevas realidades -- nuevos terminos...
650 ## - PUNTO DE ACCESO ADICIONAL DE MATERIA--TÉRMINO DE MATERIA
Descriptor Ciencia
9 (RLIN) 2098
650 ## - PUNTO DE ACCESO ADICIONAL DE MATERIA--TÉRMINO DE MATERIA
Descriptor Tecnologia
9 (RLIN) 1571
650 ## - PUNTO DE ACCESO ADICIONAL DE MATERIA--TÉRMINO DE MATERIA
Descriptor Enciclopedia
9 (RLIN) 18213
650 ## - PUNTO DE ACCESO ADICIONAL DE MATERIA--TÉRMINO DE MATERIA
Descriptor Juvenil
9 (RLIN) 27913
650 ## - PUNTO DE ACCESO ADICIONAL DE MATERIA--TÉRMINO DE MATERIA
Descriptor Texto educativo
9 (RLIN) 25832
700 ## - PUNTO DE ACCESO ADICIONAL--NOMBRE DE PERSONA
Nombre Personal Chadwick, James
9 (RLIN) 28920
700 ## - PUNTO DE ACCESO ADICIONAL--NOMBRE DE PERSONA
Nombre Personal Melville, Harry
9 (RLIN) 28921
700 ## - PUNTO DE ACCESO ADICIONAL--NOMBRE DE PERSONA
Nombre Personal Young, J. G.
9 (RLIN) 28922
700 ## - PUNTO DE ACCESO ADICIONAL--NOMBRE DE PERSONA
Nombre Personal Fisher, Norman
9 (RLIN) 28923
942 ## - ELEMENTOS DE PUNTO DE ACCESO ADICIONAL (KOHA)
Fuente de clasificación
Tipo de item Libros-BMC
945 ## - PROCESAMIENTO DE INFORMACIÓN LOCAL (OCLC)
Catalogador pjha
Holdings
Estado de retiro (separado) Fuente de clasificación o esquema de estanterías Estado dañado Ubicación Sala donde se ubica Nombre de la colección Fecha de adquisición o compra Costo, precio normal en soles Signatura topográfica Código de Barras Última vez visto (Koha) Tipo de ítem (Koha)
No     Sala de Infantes Sala de Infantes Children's Area 2019-04-04 40.00 ES / 036 / T31 / v.8 SI00001183 2019-04-04 Libros-BMC
No     Sala de Infantes Sala de Infantes Children's Area 2019-04-04 40.00 ES / 036 / T31 / v.9 SI00001184 2019-04-04 Libros-BMC
No     Sala de Infantes Sala de Infantes Children's Area 2019-04-04 40.00 ES / 036 / T31 / v.7 SI00001185 2019-04-04 Libros-BMC
No     Sala de Infantes Sala de Infantes Children's Area 2019-04-04 40.00 ES / 036 / T31 / v.10 SI00001186 2019-04-04 Libros-BMC
No     Sala de Infantes Sala de Infantes Children's Area 2019-04-04 40.00 ES / 036 / T31 / v.1 SI00001249 2019-04-04 Libros-BMC
No     Sala de Infantes Sala de Infantes Children's Area 2019-04-04 40.00 ES / 036 / T31 / v.4 SI00001250 2019-04-04 Libros-BMC
No     Sala de Infantes Sala de Infantes Children's Area 2019-04-04 40.00 ES / 036 / T31 / v.5 SI00001187 2019-04-04 Libros-BMC
No     Sala de Infantes Sala de Infantes Children's Area 2019-04-04 40.00 ES / 036 / T31 / v.6 SI00001251 2019-04-04 Libros-BMC

Powered by Koha